[Event "Montevideo op 8th"]
[Site "Montevideo"]
[Date "2025.02.02"]
[Round "3"]
[White "Larrea, Daniela"]
[Black "Martello, Benjamin"]
[Result "0-1"]
[WhiteElo "1819"]
[BlackElo "1968"]
[PlyCount "118"]
[EventDate "2025.01.31"]
[EventType "swiss"]
[EventRounds "9"]
[EventCountry "URU"]
[SourceTitle "CB08_2025"]
[SourceDate "2025.02.19"]
[SourceVersion "1"]
[SourceVersionDate "2025.02.19"]
[SourceQuality "1"]

1. e4 c6 2. d4 d5 3. e5 Bf5 4. c4 dxc4 5. Bxc4 e6 6. Nc3 Ne7 7. Nge2 Nd5 8. Nxd5 cxd5 9. Bb5+ Nc6 10. 0-0 Be7 11. Bd3 Bxd3 12. Qxd3 0-0 13. Qg3 Kh8 14. f4 f5 15. Bd2 b5 16. a3 Qb6 17. Qd3 Rfc8 18. Rfc1 Rc7 19. Kf1 Rac8 20. g3 h6 21. Kg2 Kg8 22. h3 Kf7 23. g4 g6 24. Kg3 a6 25. h4 fxg4 26. Kxg4 h5+ 27. Kh3 Bd8 28. Rg1 Ne7 29. Rxg6 Nxg6 30. Rg1 Ne7 31. Qh7+ Ke8 32. Bb4 Kd7 33. Rg7 Kc6 34. Bxe7 Bxe7 35. Rxe7 Kb7 36. Rxc7+ Qxc7 37. Qxh5 Qc2 38. Ng3 Rc7 39. f5 exf5 40. Nxf5 Qd3+ 41. Kg4 Qe2+ 42. Kg5 Qxb2 43. Qf3 Qc1+ 44. Kf6 Rc6+ 45. Nd6+ Kb6 46. Qxd5 Qh6+ 47. Kf5 Qh5+ 48. Kf4 Qxh4+ 49. Kf5 Qh5+ 50. Kf4 Rc2 51. Ne4 Qh4+ 52. Kf5 Qh5+ 53. Kf4 Qh6+ 54. Kf3 Qf8+ 55. Nf6 Qxa3+ 56. Kg4 Qe7 57. Nd7+ Kc7 58. Nc5 Qg7+ 59. Kf4 Rf2+ 0-1

[Event "Punta del Este Alekhine op 2nd"]
[Site "Punta del Este"]
[Date "2024.04.27"]
[Round "3"]
[White "Larrea, Daniela"]
[Black "Avedisian, Alexander"]
[Result "1/2-1/2"]
[WhiteElo "1820"]
[BlackElo "1892"]
[PlyCount "64"]
[EventDate "2024.04.26"]
[EventType "swiss"]
[EventRounds "5"]
[EventCountry "URU"]
[SourceTitle "EXT 2025"]
[Source "ChessBase"]
[SourceDate "2024.10.14"]
[SourceVersion "1"]
[SourceVersionDate "2024.10.14"]
[SourceQuality "1"]

1. e4 c5 2. c3 d5 3. exd5 Qxd5 4. d4 g6 5. Nf3 Bg7 6. Be3 cxd4 7. cxd4 Qd8 8. Nc3 Nh6 9. Bb5+ Nd7 10. Ne5 0-0 11. Nxd7 Bxd7 12. Bxd7 Qxd7 13. 0-0 Nf5 14. d5 Nxe3 15. fxe3 Qd6 16. Qb3 a6 17. e4 Be5 18. g3 h5 19. Kg2 h4 20. Ne2 hxg3 21. hxg3 Kg7 22. Rh1 Rh8 23. Raf1 b5 24. Qf3 f6 25. Nf4 Bxf4 26. Qxf4 Qxf4 27. gxf4 Rxh1 28. Kxh1 Rc8 29. Rf2 Rc4 30. Re2 Kf7 31. Kg2 Rd4 32. Kf3 e6 1/2-1/2

[Event "URU-chT"]
[Site "Montevideo"]
[Date "2023.07.23"]
[Round "5.2"]
[White "Saralegui Cassan, Mario"]
[Black "Larrea, Daniela"]
[Result "1-0"]
[WhiteElo "2033"]
[BlackElo "1687"]
[PlyCount "36"]
[EventDate "2023.07.21"]
[EventType "team-tourn"]
[EventRounds "5"]
[EventCountry "URU"]
[SourceTitle "CBM 215 Extra"]
[Source "ChessBase"]
[SourceDate "2023.09.30"]
[SourceVersion "1"]
[SourceVersionDate "2023.09.30"]
[SourceQuality "1"]
[WhiteTeam "Trebejos II"]
[BlackTeam "Olimpiada 2024"]
[WhiteTeamCountry "URU"]
[BlackTeamCountry "URU"]

1. d4 Nf6 2. Nf3 g6 3. Bg5 Bg7 4. Nbd2 d6 5. e4 Nbd7 6. Be2 0-0 7. 0-0 e5 8. c3 c6 9. a4 Qc7 10. Re1 h6 11. Bh4 Re8 12. Bf1 Nf8 13. dxe5 dxe5 14. Nc4 N6d7 15. Qd6 Qxd6 16. Nxd6 Re6 17. Rad1 g5 18. Bg3 Ng6 1-0

[Event "URU-chT"]
[Site "Montevideo"]
[Date "2023.07.22"]
[Round "2.2"]
[White "Larrea, Daniela"]
[Black "Vaz Lacuesta, Leonardo"]
[Result "0-1"]
[WhiteElo "1687"]
[BlackElo "2059"]
[PlyCount "63"]
[EventDate "2023.07.21"]
[EventType "team-tourn"]
[EventRounds "5"]
[EventCountry "URU"]
[SourceTitle "CBM 215 Extra"]
[Source "ChessBase"]
[SourceDate "2023.09.30"]
[SourceVersion "1"]
[SourceVersionDate "2023.09.30"]
[SourceQuality "1"]
[WhiteTeam "Olimpiada 2024"]
[BlackTeam "Trebejos"]
[WhiteTeamCountry "URU"]
[BlackTeamCountry "URU"]

1. e4 e6 2. d4 d5 3. Nd2 Nf6 4. e5 Nfd7 5. Ngf3 c5 6. c3 Nc6 7. Bd3 f6 8. exf6 Nxf6 9. Ne5 Bd6 10. Ndf3 0-0 11. 0-0 Qc7 12. Nxc6 bxc6 13. h3 cxd4 14. cxd4 c5 15. Qc2 c4 16. Be2 e5 17. dxe5 Bxe5 18. Nxe5 Qxe5 19. Be3 Bf5 20. Qc3 Qe7 21. Rfe1 Qf7 22. Bd4 Ne4 23. Qf3 a5 24. b3 Rac8 25. bxc4 dxc4 26. Rac1 Qd5 27. Red1 Qb5 28. Qa3 Be6 29. Bf3 Ng5 30. Bg4 Bxg4 31. hxg4 Rf7 32. f3 0-1

[Event "Montevideo Duchamp Cup 6th"]
[Site "Montevideo"]
[Date "2023.02.07"]
[Round "5"]
[White "Bon, Charles"]
[Black "Larrea, Daniela"]
[Result "0-1"]
[WhiteElo "1547"]
[BlackElo "1706"]
[PlyCount "66"]
[EventDate "2023.02.03"]
[EventType "swiss"]
[EventRounds "9"]
[EventCountry "URU"]
[SourceTitle "CBM 212 Extra"]
[Source "ChessBase"]
[SourceDate "2023.03.31"]
[SourceVersion "1"]
[SourceVersionDate "2023.03.31"]
[SourceQuality "1"]

1. e4 c5 2. Nf3 g6 3. d4 cxd4 4. Nxd4 Bg7 5. Nc3 Nc6 6. Be3 Nf6 7. Be2 0-0 8. 0-0 d6 9. f4 Bd7 10. h3 Nxd4 11. Bxd4 Bc6 12. Qd3 Nd7 13. Bxg7 Kxg7 14. Qd4+ Kg8 15. e5 dxe5 16. fxe5 Qb6 17. Qxb6 Nxb6 18. Rae1 Rad8 19. Bd3 e6 20. Ne4 Bxe4 21. Rxe4 Rd5 22. Rfe1 Rfd8 23. Kf2 Ra5 24. a3 Rdd5 25. Kf3 Nd7 26. Kf4 h6 27. h4 g5+ 28. hxg5 hxg5+ 29. Kxg5 Rxe5+ 30. Rxe5 Nxe5 31. Kf6 Nxd3 32. cxd3 Kf8 33. Rc1 Rf5# 0-1

[Event "Montevideo Duchamp Cup 6th"]
[Site "Montevideo"]
[Date "2023.02.06"]
[Round "4"]
[White "Larrea, Daniela"]
[Black "Gonzalez Bodega, Juliana"]
[Result "1-0"]
[WhiteElo "1706"]
[BlackElo "1212"]
[PlyCount "40"]
[EventDate "2023.02.03"]
[EventType "swiss"]
[EventRounds "9"]
[EventCountry "URU"]
[SourceTitle "CBM 212 Extra"]
[Source "ChessBase"]
[SourceDate "2023.03.31"]
[SourceVersion "1"]
[SourceVersionDate "2023.03.31"]
[SourceQuality "1"]

1. e4 c6 2. d4 d5 3. Bd3 dxe4 4. Bxe4 Nf6 5. Bf3 e6 6. Ne2 Be7 7. 0-0 0-0 8. Nd2 Nbd7 9. c3 Bd6 10. Ng3 Re8 11. Nde4 Nxe4 12. Nxe4 Nf6 13. Bg5 Be7 14. Bf4 b6 15. Nxf6+ Bxf6 16. Bxc6 Bd7 17. Bxa8 Qxa8 18. Qd2 Qd5 19. Qe3 Bc6 20. f3 h6 1-0

[Event "URU-ch (Women) Hybrid"]
[Site "Montevideo"]
[Date "2021.03.07"]
[Round "6"]
[White "Sosa, Ines"]
[Black "Larrea, Daniela"]
[Result "0-1"]
[WhiteElo "1167"]
[BlackElo "1705"]
[PlyCount "72"]
[EventDate "2021.03.04"]
[EventType "tourn"]
[EventRounds "7"]
[EventCountry "URU"]
[SourceTitle "CBM 201 Extra"]
[Source "ChessBase"]
[SourceDate "2021.05.31"]
[SourceVersion "1"]
[SourceVersionDate "2021.05.31"]
[SourceQuality "1"]

1. e4 c5 2. d4 cxd4 3. c3 d3 4. Bxd3 d6 5. Nf3 Nf6 6. c4 g6 7. 0-0 Bg7 8. Qe2 0-0 9. Nc3 Nc6 10. Rd1 Bg4 11. Be3 Ne5 12. Kh1 Qc8 13. Rg1 Nh5 14. Qd1 Bxf3 15. gxf3 Nxc4 16. Qb3 Nxe3 17. fxe3 Bxc3 18. Qxc3 Qxc3 19. bxc3 Rac8 20. Rac1 Rc5 21. f4 Rfc8 22. Be2 Nf6 23. c4 Nxe4 24. Rc2 d5 25. Rgc1 Nd6 26. Kg2 Nxc4 27. Kf2 b6 28. Bf3 e6 29. Ke2 Nd6 30. Rxc5 Rxc5 31. Rxc5 bxc5 32. Kd3 Kf8 33. a4 Ke7 34. h3 Kd7 35. h4 f6 36. Bg2 Nf5 0-1

[Event "World Corporate West A"]
[Site "Chess.com INT"]
[Date "2021.02.21"]
[Round "6.5"]
[White "Golubeva, Oksana"]
[Black "Larrea, Daniela"]
[Result "1-0"]
[WhiteElo "2179"]
[BlackElo "1705"]
[PlyCount "113"]
[EventDate "2021.02.20"]
[EventType "team (rapid)"]
[EventRounds "7"]
[EventCountry "USA"]
[SourceTitle "CBM 200 Extra"]
[Source "ChessBase"]
[SourceDate "2021.03.31"]
[SourceVersion "1"]
[SourceVersionDate "2021.03.31"]
[SourceQuality "1"]
[WhiteTeam "Farber Group"]
[BlackTeam "ANCAP"]
[WhiteTeamCountry "CAN"]
[BlackTeamCountry "URU"]

1. Nf3 d5 2. e3 e6 3. c4 c6 4. Nc3 f5 5. Qc2 Nf6 6. b3 Bd6 7. Bb2 0-0 8. Be2 Qe8 9. 0-0-0 Ne4 10. Rhf1 Nd7 11. Kb1 Ndf6 12. d3 Nxc3+ 13. Qxc3 Qe7 14. h3 Bb4 15. Qc2 Ba3 16. Ne5 Bxb2 17. Qxb2 a5 18. a3 Nd7 19. Ka2 Nxe5 20. Qxe5 Qf6 21. f4 Qxe5 22. fxe5 b5 23. h4 Ba6 24. Rf4 Rad8 25. c5 Rd7 26. Kb2 Rfd8 27. Kc3 Bc8 28. Rg1 Rb7 29. h5 Bd7 30. g4 fxg4 31. Bxg4 Rf8 32. Rgf1 Rxf4 33. Rxf4 Bc8 34. b4 a4 35. e4 dxe4 36. Rxe4 Bd7 37. Rd4 Kf7 38. Kd2 Ke7 39. Ke3 Rb8 40. Rf4 Rf8 41. Bf3 Rf5 42. Rxf5 exf5 43. Kf4 Ke6 44. d4 g5+ 45. hxg6 hxg6 46. Kg5 Be8 47. Kh6 Ke7 48. d5 cxd5 49. Bxd5 Bf7 50. Bxf7 Kxf7 51. c6 Ke7 52. c7 Kd7 53. Kg7 f4 54. e6+ Kxc7 55. e7 Kd7 56. Kf7 f3 57. e8Q+ 1-0

[Event "Online Olym Div3 D"]
[Site "Chess.com INT"]
[Date "2020.08.08"]
[Round "6.3"]
[White "Larrea, Daniela"]
[Black "Stolberg Rohr, Thomine"]
[Result "0-1"]
[WhiteElo "1705"]
[BlackElo "1918"]
[PlyCount "92"]
[EventDate "2020.08.07"]
[EventType "team-tourn (rapid)"]
[EventRounds "9"]
[EventCountry "USA"]
[SourceTitle "CBM 198"]
[Source "ChessBase"]
[SourceDate "2020.10.31"]
[SourceVersion "1"]
[SourceVersionDate "2020.10.31"]
[SourceQuality "1"]
[WhiteTeam "Uruguay"]
[BlackTeam "Denmark"]
[WhiteTeamCountry "URU"]
[BlackTeamCountry "DEN"]

1. d4 Nf6 2. c4 e6 3. Nc3 Bb4 4. Bd2 0-0 5. Nf3 d5 6. e3 c5 7. cxd5 Nxd5 8. e4 cxd4 9. Nxd5 Bxd2+ 10. Qxd2 exd5 11. exd5 Qxd5 12. Qxd4 Re8+ 13. Be2 Qb5 14. Qd2 Nc6 15. Kf1 Qb6 16. Rd1 Be6 17. a3 Rad8 18. Qc3 Rxd1+ 19. Bxd1 Bg4 20. h3 Qb5+ 21. Kg1 Bh5 22. Kh2 Qd5 23. Bb3 Qd6+ 24. g3 Bxf3 25. Qxf3 Qe7 26. Kg2 Nd4 27. Qe3 Qxe3 28. fxe3 Nxb3 29. Kf3 Nd2+ 30. Ke2 Nc4 31. Rc1 Nxe3 32. Kf3 Nd5 33. Rd1 Nf6 34. Rc1 Nd5 35. Rd1 Rd8 36. Rc1 Kf8 37. Ke4 Nf6+ 38. Ke5 Rd5+ 39. Kf4 Ke7 40. Rc7+ Rd7 41. Rc2 a6 42. g4 h6 43. Re2+ Kd6 44. h4 Nd5+ 45. Kf5 Re7 46. Rd2 Re5# 0-1

[Event "URU-ch sf"]
[Site "Montevideo"]
[Date "2020.02.24"]
[Round "6"]
[White "Larrea, Daniela"]
[Black "Bon, Charles"]
[Result "1-0"]
[WhiteElo "1757"]
[BlackElo "1614"]
[PlyCount "151"]
[EventDate "2020.02.21"]
[EventType "swiss"]
[EventRounds "8"]
[EventCountry "URU"]
[SourceTitle "CBM 195 Extra"]
[Source "ChessBase"]
[SourceDate "2020.05.31"]
[SourceVersion "1"]
[SourceVersionDate "2020.05.31"]
[SourceQuality "1"]

1. d4 Nf6 2. c4 g6 3. Nc3 Bg7 4. e4 d6 5. Nf3 0-0 6. Be2 e5 7. 0-0 Nc6 8. d5 Ne7 9. Ne1 Nd7 10. Be3 f5 11. f3 f4 12. Bf2 g5 13. Nb5 Nf6 14. Nxa7 Bd7 15. Nb5 Ng6 16. b4 Rf7 17. c5 Bf8 18. a4 h5 19. Rc1 g4 20. c6 bxc6 21. dxc6 Be6 22. Nc3 h4 23. fxg4 d5 24. exd5 Nxd5 25. Nxd5 Bxd5 26. Bc4 Bxc4 27. Qxd8 Rxd8 28. Rxc4 Rd2 29. Nf3 Re2 30. Re1 Rb2 31. Nxe5 Nxe5 32. Rxe5 h3 33. gxh3 Bd6 34. Re8+ Kh7 35. Bd4 Rb1+ 36. Kf2 f3 37. Re1 Rxb4 38. Rxb4 Bxb4 39. Re3 Rf4 40. Be5 Rc4 41. Rxf3 Rxc6 42. Rf7+ Kg6 43. Rxc7 Ra6 44. Rg7+ Kh6 45. g5+ Kh5 46. Rh7+ Kxg5 47. h4+ Kg4 48. Bg3 Bc5+ 49. Ke2 Rxa4 50. Rg7+ Kh3 51. h5 Ra6 52. Bf4 Bf8 53. Rg8 Ra2+ 54. Kf3 Ra3+ 55. Ke4 Ra4+ 56. Kf5 Ra5+ 57. Kg6 Ra6+ 58. Kh7 Ra7+ 59. Kh8 Bc5 60. Be5 Be3 61. Rg3+ Kh4 62. Rxe3 Kxh5 63. Rh3+ Kg4 64. Rg3+ Kf5 65. Bc3 Ra8+ 66. Kh7 Ra7+ 67. Kh6 Ra6+ 68. Kh5 Ra7 69. Rg5+ Ke4 70. h4 Rh7+ 71. Kg4 Rc7 72. Bg7 Kd3 73. Kf5 Rc5+ 74. Kg6 Rc6+ 75. Bf6 Rc1 76. h5 1-0

[Event "Montevideo Duchamp Cup 4th"]
[Site "Montevideo"]
[Date "2020.02.13"]
[Round "7"]
[White "Larrea, Daniela"]
[Black "Silvera, Pilar"]
[Result "1-0"]
[WhiteElo "1757"]
[BlackElo "1356"]
[PlyCount "67"]
[EventDate "2020.02.08"]
[EventType "swiss"]
[EventRounds "9"]
[EventCountry "URU"]
[SourceTitle "CBM 194 Extra"]
[Source "ChessBase"]
[SourceDate "2020.03.31"]
[SourceVersion "1"]
[SourceVersionDate "2020.03.31"]
[SourceQuality "1"]

1. d4 f5 2. c4 Nf6 3. Nc3 e6 4. g3 d5 5. Bg2 c6 6. Nh3 Bd6 7. 0-0 0-0 8. b3 Nbd7 9. f3 c5 10. Nb5 Be7 11. Bf4 dxc4 12. Nc7 Nb6 13. Nxa8 Nxa8 14. bxc4 cxd4 15. Be5 Bc5 16. Nf2 d3 17. exd3 Qa5 18. d4 Be7 19. Qe1 Qa4 20. Qe2 b6 21. Rfc1 Bd7 22. Qc2 Qa5 23. Nd3 Rc8 24. Qc3 Qa6 25. Nf4 Kf7 26. h4 Nc7 27. Qd3 Qa5 28. Kh2 Na6 29. a3 Nc7 30. Kh3 Nce8 31. g4 g6 32. g5 Ng8 33. d5 Nc7 34. Bxc7 1-0

[Event "Montevideo Duchamp Cup 4th"]
[Site "Montevideo"]
[Date "2020.02.10"]
[Round "4"]
[White "Kulik, Nicolas"]
[Black "Larrea, Daniela"]
[Result "0-1"]
[WhiteElo "1496"]
[BlackElo "1757"]
[PlyCount "98"]
[EventDate "2020.02.08"]
[EventType "swiss"]
[EventRounds "9"]
[EventCountry "URU"]
[SourceTitle "CBM 194 Extra"]
[Source "ChessBase"]
[SourceDate "2020.03.31"]
[SourceVersion "1"]
[SourceVersionDate "2020.03.31"]
[SourceQuality "1"]

1. d4 d5 2. c4 e6 3. Qc2 f5 4. Bf4 c6 5. g3 Nf6 6. Bg2 Be7 7. Nh3 0-0 8. Bxb8 Rxb8 9. b3 Bb4+ 10. Nd2 Ne4 11. Bxe4 fxe4 12. 0-0 e5 13. Kg2 exd4 14. cxd5 Bxh3+ 15. Kxh3 cxd5 16. Rac1 Rc8 17. Qb2 Bc3 18. Qc2 Qg5 19. Nb1 Rc6 20. Kg2 Rfc8 21. Rcd1 Ba5 22. Qb2 Bb6 23. f4 Qg4 24. h3 Qd7 25. Rc1 Qc7 26. Rxc6 Qxc6 27. Rd1 Qc5 28. b4 Qc2 29. Rd2 Qxb2 30. Rxb2 Kf7 31. a4 a6 32. b5 a5 33. g4 Rc4 34. Ra2 Bc7 35. f5 Kf6 36. Nd2 Rc3 37. Rb2 b6 38. Nb3 Ke5 39. Nxa5 bxa5 40. b6 Bb8 41. Rb5 Rc6 42. b7 Rc7 43. Rb6 Kf4 44. f6 gxf6 45. Rxf6+ Ke3 46. Rb6 Kxe2 47. Rb2+ Ke3 48. Kf1 d3 49. Rb1 Rf7+ 0-1

[Event "Montevideo Duchamp Cup 4th"]
[Site "Montevideo"]
[Date "2020.02.08"]
[Round "1"]
[White "Larrea, Daniela"]
[Black "Menna Barreto, Felipe Kubiaki"]
[Result "0-1"]
[WhiteElo "1757"]
[BlackElo "2395"]
[PlyCount "56"]
[EventDate "2020.02.08"]
[EventType "swiss"]
[EventRounds "9"]
[EventCountry "URU"]
[SourceTitle "CBM 194 Extra"]
[Source "ChessBase"]
[SourceDate "2020.03.31"]
[SourceVersion "1"]
[SourceVersionDate "2020.03.31"]
[SourceQuality "1"]

1. d4 Nf6 2. c4 c5 3. d5 g6 4. Nc3 Bg7 5. e4 d6 6. Nf3 0-0 7. Be2 e6 8. 0-0 Re8 9. Bg5 h6 10. Bh4 g5 11. Bg3 exd5 12. exd5 Nh5 13. Nd2 Nxg3 14. fxg3 Nd7 15. Rc1 Ne5 16. Nde4 f5 17. Nf2 g4 18. b3 Ng6 19. Bd3 Bd4 20. Ne2 Be3 21. Rc2 Qg5 22. Kh1 Bd7 23. Rb2 Re7 24. Qb1 Rae8 25. Nd1 Bd2 26. Ng1 Re1 27. Qc2 Ba5 28. Be2 R8xe2 0-1

[Event "URU-ch (Women)"]
[Site "Punta del Este"]
[Date "2019.03.29"]
[Round "2"]
[White "Larrea, Daniela"]
[Black "Carnebia, Yanina"]
[Result "1-0"]
[WhiteElo "1774"]
[BlackElo "1428"]
[PlyCount "77"]
[EventDate "2019.03.29"]
[EventType "swiss"]
[EventRounds "6"]
[EventCountry "URU"]
[SourceTitle "EXT 2021"]
[Source "ChessBase"]
[SourceDate "2020.10.23"]
[SourceVersion "1"]
[SourceVersionDate "2020.10.23"]
[SourceQuality "1"]

1. d4 d5 2. c4 c6 3. Nc3 e6 4. Nf3 Nf6 5. e3 Bd6 6. Be2 0-0 7. 0-0 Nbd7 8. Qc2 Qc7 9. c5 Be7 10. b4 e5 11. b5 e4 12. Nd2 b6 13. cxb6 axb6 14. bxc6 Qxc6 15. Qb3 Ba6 16. a4 Bxe2 17. Nxe2 Bd6 18. Ba3 Bxa3 19. Rxa3 Rfc8 20. Rc1 Qb7 21. Rc3 Qa6 22. Nf4 Rxc3 23. Qxc3 Rc8 24. Qb2 g6 25. Nb1 Qa5 26. Nc3 Nb8 27. h3 Na6 28. Rb3 Rb8 29. Rb5 Qxb5 30. Qxb5 Nc7 31. Qc6 Rc8 32. Ncxd5 Nfxd5 33. Nxd5 Ra8 34. Nxc7 Ra7 35. Qxb6 Rxa4 36. Qf6 Ra7 37. Ne8 Kf8 38. Nd6 Re7 39. Qh8# 1-0

[Event "Montevideo Duchamp Cup 3rd"]
[Site "Montevideo"]
[Date "2019.02.09"]
[Round "1"]
[White "Larrea, Daniela"]
[Black "Bitelmajer, Martin"]
[Result "0-1"]
[WhiteElo "1770"]
[BlackElo "2453"]
[PlyCount "70"]
[EventDate "2019.02.09"]
[EventType "swiss"]
[EventRounds "9"]
[EventCountry "URU"]
[SourceTitle "CBM 188 Extra"]
[Source "ChessBase"]
[SourceDate "2019.02.28"]
[SourceVersion "1"]
[SourceVersionDate "2019.02.28"]
[SourceQuality "1"]

1. d4 Nf6 2. c4 e6 3. Nc3 c5 4. d5 exd5 5. cxd5 d6 6. Nf3 g6 7. e4 Bg7 8. Be2 0-0 9. 0-0 a6 10. a4 Bg4 11. a5 Nbd7 12. Bf4 Qe7 13. Nd2 Bxe2 14. Qxe2 Nh5 15. Be3 Rfe8 16. Nc4 Rab8 17. Na4 Ne5 18. Nab6 Rbd8 19. f3 f5 20. Nd2 Nf7 21. Nbc4 Nf6 22. Qf2 fxe4 23. fxe4 Ng4 24. Qg3 Nxe3 25. Nxe3 Bxb2 26. Rab1 Be5 27. Qg4 Bd4 28. Qg3 Qg5 29. Rf3 Qxg3 30. Rxg3 Be5 31. Rg4 Rd7 32. Nec4 Bd4+ 33. Kf1 Ne5 34. Nxe5 Bxe5 35. Nf3 Bc3 0-1

[Event "Montevideo Trebejos Verano op"]
[Site "Montevideo"]
[Date "2019.02.01"]
[Round "7"]
[White "Manteiga, Franco"]
[Black "Larrea, Daniela"]
[Result "0-1"]
[WhiteElo "1486"]
[BlackElo "1770"]
[PlyCount "74"]
[EventDate "2019.01.18"]
[EventType "swiss"]
[EventRounds "7"]
[EventCountry "URU"]
[SourceTitle "CBM 188 Extra"]
[Source "ChessBase"]
[SourceDate "2019.02.28"]
[SourceVersion "1"]
[SourceVersionDate "2019.02.28"]
[SourceQuality "1"]

1. d4 d5 2. c4 e6 3. Nc3 f5 4. Bf4 c6 5. e3 Nf6 6. Nf3 Be7 7. Bd3 0-0 8. Qc2 Ne4 9. h3 Nd7 10. 0-0-0 Qa5 11. Ne5 Bb4 12. Bxe4 fxe4 13. a3 Bxc3 14. Qxc3 Qxc3+ 15. bxc3 Nxe5 16. dxe5 b6 17. Kb2 Ba6 18. cxd5 cxd5 19. Rd2 Rac8 20. f3 Bd3 21. fxe4 Bxe4 22. Rg1 h6 23. h4 Rc5 24. Rgd1 Rfc8 25. Rc1 Rb5+ 26. Ka2 Rc4 27. Rcd1 Kh7 28. Rd4 Bxg2 29. Rxc4 dxc4 30. Rb1 Rxb1 31. Kxb1 Kg6 32. Kc2 Kf5 33. Bg3 g5 34. hxg5 hxg5 35. Kd2 Kg4 36. Bh2 Kf3 37. e4 Kf2 0-1

[Event "Montevideo Trebejos Autumn op"]
[Site "Montevideo"]
[Date "2018.03.12"]
[Round "3"]
[White "Roman, Enrique"]
[Black "Larrea, Daniela"]
[Result "0-1"]
[WhiteElo "1294"]
[BlackElo "1769"]
[PlyCount "86"]
[EventDate "2018.03.07"]
[EventType "swiss"]
[EventRounds "7"]
[EventCountry "URU"]
[SourceTitle "CBM 183 Extra"]
[Source "ChessBase"]
[SourceDate "2018.04.19"]
[SourceVersion "1"]
[SourceVersionDate "2018.04.19"]
[SourceQuality "1"]

1. e4 d6 2. Nf3 Nf6 3. Bc4 e5 4. d3 Be7 5. h3 0-0 6. 0-0 c6 7. c3 d5 8. exd5 cxd5 9. Bb3 Nc6 10. Re1 Qc7 11. Nbd2 Bf5 12. d4 e4 13. Nh4 Be6 14. Re3 g6 15. g4 Nxg4 16. hxg4 Bxh4 17. Nf1 Qf4 18. f3 exf3 19. Qxf3 Qxf3 20. Rxf3 Na5 21. Nh2 Be7 22. Bf4 Nc4 23. Rb1 Nd6 24. Bd1 Ne4 25. Rh3 f5 26. Bh6 Rf7 27. Re3 Bh4 28. Kg2 fxg4 29. Bxg4 Rf2+ 30. Kh1 Rxh2+ 31. Kxh2 Bxg4 32. c4 dxc4 33. Rg1 Bf5 34. Kg2 Kf7 35. Rh1 Bf6 36. Rd1 Rd8 37. d5 Rd7 38. Bf4 Bxb2 39. Kf3 Nc3 40. Rh1 h5 41. d6 Nd5 42. Re2 Bg4+ 43. Ke4 Nc3+ 0-1

[Event "URU-ch (Women)"]
[Site "Punta del Este"]
[Date "2018.03.02"]
[Round "1"]
[White "Lopez, Julieta"]
[Black "Larrea, Daniela"]
[Result "0-1"]
[WhiteElo "1087"]
[BlackElo "1769"]
[PlyCount "70"]
[EventDate "2018.03.02"]
[EventType "swiss"]
[EventRounds "6"]
[EventCountry "URU"]
[SourceTitle "EXT 2021"]
[Source "ChessBase"]
[SourceDate "2020.10.23"]
[SourceVersion "1"]
[SourceVersionDate "2020.10.23"]
[SourceQuality "1"]

1. e4 d6 2. d4 Nf6 3. Nc3 e5 4. dxe5 dxe5 5. Qxd8+ Kxd8 6. Bg5 h6 7. Bxf6+ gxf6 8. 0-0-0+ Bd6 9. Nd5 Nd7 10. Bc4 Ke8 11. Nf3 Bc5 12. Rhf1 Bb6 13. Nh4 c6 14. Nc3 Nc5 15. f4 Be6 16. Be2 exf4 17. Rxf4 Nd7 18. Bh5 Be3+ 19. Kb1 Bxf4 20. g3 Be5 21. Ne2 Nc5 22. Bf3 Ke7 23. Nc3 Bxc3 24. bxc3 Rad8 25. Re1 Na4 26. Nf5+ Bxf5 27. exf5+ Kd6 28. c4 Rhe8 29. Rxe8 Rxe8 30. Kc1 Kc5 31. Bh5 Re7 32. Kd2 Kxc4 33. a3 Rd7+ 34. Ke3 Kc3 35. Kf4 Kxc2 0-1

[Event "Montevideo Duchamp Cup 2nd"]
[Site "Montevideo"]
[Date "2018.02.07"]
[Round "8"]
[White "Avedisian, Alexander"]
[Black "Larrea, Daniela"]
[Result "1/2-1/2"]
[WhiteElo "1941"]
[BlackElo "1750"]
[PlyCount "98"]
[EventDate "2018.02.02"]
[EventType "swiss"]
[EventRounds "9"]
[EventCountry "URU"]
[SourceTitle "CBM 182 Extra"]
[Source "ChessBase"]
[SourceDate "2018.02.23"]
[SourceVersion "1"]
[SourceVersionDate "2018.02.23"]
[SourceQuality "1"]

1. g3 d5 2. Nf3 e6 3. Bg2 f5 4. 0-0 Nf6 5. d3 Bd6 6. Re1 0-0 7. c4 dxc4 8. dxc4 Ne4 9. Nbd2 Bc5 10. e3 Qf6 11. Qc2 Nxd2 12. Bxd2 Nc6 13. Bc3 Qe7 14. a3 a5 15. Nd4 Bd7 16. Nb5 Be8 17. Bd4 Nxd4 18. exd4 Bxb5 19. cxb5 Bxd4 20. Bxb7 Rad8 21. Rac1 Bb6 22. Qb3 Rd6 23. Bd5 Rf6 24. Rc2 Qd7 25. Bc6 Qe7 26. Rce2 Kf8 27. Bd5 Kf7 28. Qf3 g6 29. h4 Qd7 30. Bc4 Kg8 31. Kg2 h6 32. Qc3 Kf7 33. b4 axb4 34. Qxb4 c6 35. a4 cxb5 36. axb5 Qb7+ 37. Kg1 Qc7 38. Qb3 Qd7 39. Kh2 g5 40. hxg5 hxg5 41. Kg2 Qb7+ 42. f3 g4 43. Rh1 Qxf3+ 44. Qxf3 gxf3+ 45. Kxf3 Rg6 46. Rh7+ Kf6 47. Rb7 Bc5 48. Rc7 Bb6 49. Rb7 Bc5 1/2-1/2

[Event "Montevideo Duchamp Cup 2nd"]
[Site "Montevideo"]
[Date "2018.02.06"]
[Round "7"]
[White "Vinardi, Ezequiel"]
[Black "Larrea, Daniela"]
[Result "1/2-1/2"]
[WhiteElo "2033"]
[BlackElo "1750"]
[PlyCount "95"]
[EventDate "2018.02.02"]
[EventType "swiss"]
[EventRounds "9"]
[EventCountry "URU"]
[SourceTitle "CBM 182 Extra"]
[Source "ChessBase"]
[SourceDate "2018.02.23"]
[SourceVersion "1"]
[SourceVersionDate "2018.02.23"]
[SourceQuality "1"]

1. e4 d6 2. d4 Nf6 3. Nc3 e5 4. Nf3 Nbd7 5. Bc4 Be7 6. 0-0 0-0 7. a4 c6 8. Ba2 Qc7 9. Qe2 h6 10. Rd1 b6 11. h3 a5 12. d5 Ba6 13. Bc4 Bxc4 14. Qxc4 c5 15. Nh4 Nb8 16. Nf5 Re8 17. Qe2 Bf8 18. Qf3 Qd8 19. g4 Nh7 20. Qg3 Nd7 21. h4 f6 22. Nb5 Nb8 23. Kg2 Na6 24. c4 Nb4 25. Na3 Ra7 26. Rh1 Be7 27. Bd2 Kf7 28. Qf3 Kg8 29. Rag1 Kh8 30. Kf1 Rg8 31. Ke2 Qe8 32. b3 Bf8 33. Kd1 Rf7 34. Nb5 Qd7 35. Rh3 g6 36. Nxh6 Bxh6 37. Bxh6 f5 38. gxf5 gxf5 39. Rxg8+ Kxg8 40. Rg3+ Kh8 41. Qg2 Nf6 42. Rg6 Nd3 43. Qg5 Nxf2+ 44. Kc2 N2xe4 45. Qg2 Ng4 46. Rxg4 fxg4 47. Qxe4 Rf2+ 48. Kc3 1/2-1/2